| 000 | 00710nam a22002292 4500 | ||
|---|---|---|---|
| 001 | 0000019276 | ||
| 005 | 20151217145912.0 | ||
| 008 | 101023s xx 000 0 eng d | ||
| 020 | _a041515202x : | ||
| 040 |
_aKABU _cKABU |
||
| 100 | 1 |
_aPettman, Jan Jindy. _@0000178958 |
|
| 245 | 1 | 0 |
_aWorlding women : _ba feminist international politics / _cJan Jindt Pettman. |
| 250 | _a1st ed. | ||
| 260 |
_aLondon : _bRoutledge, _c1996. |
||
| 300 | _axiii, 272 p. | ||
| 650 | 0 |
_aInternational relations. _@0000158257 |
|
| 650 | 0 |
_aFeminism. _@0000153037 |
|
| 650 | 0 |
_aWomen. _xPolitical activity. _@0000178959 |
|
| 852 | 1 | _9p2860 KES | |
| 908 | _a101023 | ||
| 950 | _@1 | ||
| 999 |
_c3903 _d3903 |
||